Normal view
MARC view
- Wireless to day
Entry Topical Term
001 - CONTROL NUMBER
- control field: 113192
003 - CONTROL NUMBER IDENTIFIER
- control field: NUST
005 - DATE AND TIME OF LATEST TRANSACTION
- control field: 20230621085005.0
008 - FIXED-LENGTH DATA ELEMENTS
- fixed length control field: 230621|| aca||aabn | a|a d
040 ## - CATALOGING SOURCE
- Original cataloging agency: NUST
- Transcribing agency: NUST
150 ## - HEADING--TOPICAL TERM
- Topical term or geographic name entry element: Wireless to day
670 ## - SOURCE DATA FOUND
- Source citation: Work cat.: (NUST)185320: E.H.Chapman 113191, Wireless to day /, 1945
